00462 2200193 4500001002100000005001500021035002000036008004100056245004600097100001200143250000600155260003600161300001100197084001400208082000800222650001400230990001200244990001200256INLIS00000000000039320240430020049 a0010-0424000369240430 0 ind 1 aPesona Wisata Sulawesi Selatan /cIswanto aIswanto a1 aKlaten :bIntan Pariwara,c2007 a66 hlm a900 ISW p a900 4aNon Fiksi a0728625 a0728626